000 00725nam a2200217 i 4500
001 102275
003 ES-MaACL
005 20231227062632.0
007 t|
008 051107s1956 sp ||||1| spa d
100 1 _aMenéndez Pidal, Ramón,
_d1869-1968
_980315
245 1 0 _aPoesía juglaresca y juglares
_b: aspectos de la historia literaria y cultural de España /
_cRamón Menéndez Pidal.
250 _a4ª ed.
260 _aMadrid :
_bEspasa-Calpe,
_c1956.
300 _a252 p. ;
_c18 cm.
490 1 _aColección austral
650 4 _aPoesía española-
_yHasta S.XV-
_xHistoria y crítica.
_9160706
830 0 _aColección austral
_9177655
852 _aES-MaACL
_jC-11482
_bR.39428
999 _c102275
_d102275